Environmental chemistry (Record no. 1584)

MARC details
000 -LEADER
fixed length control field 00526cam a2200205ua 4500
008 - FIXED-LENGTH DATA ELEMENTS--GENERAL INFORMATION
fixed length control field 110715n ii |||gr||||Z||||||eng
020 ## - INTERNATIONAL STANDARD BOOK NUMBER
International Standard Book Number 81-8283-012-5
040 ## - CATALOGING SOURCE
Transcribing agency MAIN
082 ## - DEWEY DECIMAL CLASSIFICATION NUMBER
Classification number 577.14
100 ## - MAIN ENTRY--PERSONAL NAME
Personal name Sharma, B. K.,
245 1# - TITLE STATEMENT
Title Environmental chemistry
Statement of responsibility, etc. by B. K. Sharma
250 ## - EDITION STATEMENT
Edition statement 8th.
260 ## - PUBLICATION, DISTRIBUTION, ETC.
Place of publication, distribution, etc. Meerut:
Name of publisher, distributor, etc. Goel publishing house,
Date of publication, distribution, etc. 2005.
300 ## - PHYSICAL DESCRIPTION
Extent xvi; 380p:
Dimensions 25cm.
700 ## - ADDED ENTRY--PERSONAL NAME
Personal name ed by Sharma, Priyush,
Relator term
942 ## - ADDED ENTRY ELEMENTS (KOHA)
Koha item type Books
653 ## - INDEX TERM--UNCONTROLLED
Uncontrolled term economics
653 ## - INDEX TERM--UNCONTROLLED
Uncontrolled term environmental chemistry
Holdings
Withdrawn status Lost status Damaged status Not for loan Home library Current library Date acquired Total Checkouts Full call number Barcode Date last seen Copy number Price effective from Koha item type
        Central Library, Naharkatiya College Central Library, Naharkatiya College 19/09/2020   577.14 | SHA 4335 19/09/2020 1 19/09/2020 Books

Naharkatiya College © 2020. All rights reserved.

Powered By